000 00572nam a2200205Ia 4500
005 20250923145824.0
008 008 250917s9999 xx 000 0 eng d
037 _aTextual
040 _aDSWL
_beng
_cDSWL
041 _aeng
_2eng
084 _aYX;t8, N89
_qDSWL
100 _aBhatt, A.
_9839285
245 0 _aDevelopment of social justice: Microaction by weaker sections
_cby A. Bhatt
260 _aNew Delhi
_bSage
_c1989
300 _a208p.
365 _aINR
_b175.00
925 _g175.00
942 _cTEXL
_hYX;t8, N89
999 _c1456107
_d1456107